00776nam a22002177a 450000500170000001000150001702000310003202000320006303500130009503700130010808200080012124500910012926000290022027000540024930000320030350000190033570000270035494200220038199900170040395201380042020100804122956.0 aENG-100790 c525.00a8173043531(Series) c525.00a8173043876(vol. II) aEN-84323 bDBAD/PUB a921 aJayaprakash Narayan :cedited by Bimal Prashad bselected works volume two (1936-1939) aNew DelhibManoharc2001 a4753/23 Ansari Road, DaryaganjbNew Delhie110002 aV.2. xxiii,318pb24cm (Hb) aIncludes index aPrashad, Bimal 96065 2ddccENh921mJAY c42338d42338 001040718NFICaDBADbDBADd2010-08-18eDBAD/PUBg525.00l0o921 JAYpEN-84323r2010-08-18 00:00:00t1v525.00w2010-08-18yENzv 2